1448 1439 1058 1274 1336 1114 1970 1405 1720 1690 1006 1935 1784 1517 1549 1513 1732 1045 1067 1744 1879 1774 1793 1652 1921 1527 1132 1492 1208 1061 1196 1755 1527 1718 1121 1999 1319 1849 1951 1625 1843 1798 1613 1891 1298 1578 1527 1423 1134 1648 1602 1255 1419 1033 1604 1241 1810 1422 1328 1243 1265 1122 1154 1846 1685 1544 1139 1208 1903 1928 1899 1954 1207 1131 1689 1163 1196 1746 1830 1640 1083 1802 1984 1781 1251 1392 1877 1859 1722 1620 1364 1363 1068 1912 1700 1413 1736 1005 1225 BCNSPRNW ULIB Ver.6.0+V

เปลี่ยนเป็นภาษาไทย

Change to English
 แสดงรายละเอียดบรรณานุกรม
  กลับหน้าหลัก

Brief Record : Get Marc (ISO 2709) : E-mail record : QR code < ปิดหน้าต่าง
LEADER : 00000nam 2200000uu 4500
001    13399123175
003     ULIB
008    020711s2551 th a 000 0 tha d
020    9789744263520
090    นว.^bD111ส
100    Driss-N-Cha
245    เสิร์ฟรักมาทักทาย /^cDriss-N-Cha
250    พิมพ์ครั้งที่ 1
260    กรุงเทพฯ :^blemon green,^c2551
300    320 หน้า
945    ^p219^l0^i20323
999    ^aทศพร เกษรทอง
รายการนี้ยังไม่มีแท็ก
คุณยังไม่ได้ล็อกอิน คุณสามารถมีกิจกรรมร่วมกับเว็บไซต์ได้ แต่ต้องล็อกอินก่อน ::
  ล็อกอิน

รายการสื่อสารสนเทศ

ลำดับที่ ประเภท เลขเรียก/บาร์โค้ด สถานที่ สถานะ
1. นวนิยาย
นวนิยาย
นว. D111ส ฉ.1 
  Barcode: 20323
ห้องสมุดวิทยาเขตนครสวรรค์
►นวนิยาย:l:Fiction
บนชั้น

BibComment


ยังไม่เคยถูกคอมเมนท์

คอมเมนท์ทรัพยากรรายการนี้
  คอมเมนท์: เสิร์ฟรักมาทักทาย..


 Copyright 2026. Bcnsprnw @Library